000
00277nam a2200097Ia 4500
001
645062
005
20250826153616.0
008
250824s9999 xx 000 0 und d
245
0
_a
KARAGÖZ İLE HACİVAT ANTİK OKUL KLASİKLERİ
_c
ANONİM
260
_b
ANTİK DÜNYA KLASİKLERİ
999
_c
645062
_d
645062